logo

Bir Sreshtho Munshi Abdur Rouf Library
Jhenaidah Cadet College

Best Leadership Vision / (Record no. 5841)

MARC details
000 -LEADER
fixed length control field 00564nam a2200229 a 4500
001 - CONTROL NUMBER
JCCL Control Number 5841
003 - CONTROL NUMBER IDENTIFIER
JCCL marc code BD-JhCC
005 - DATE AND TIME OF LATEST TRANSACTION
control field 20240428102329.0
008 - FIXED-LENGTH DATA ELEMENTS--GENERAL INFORMATION
fixed length control field 171228s2012 u b|||| || | 000 0 eng d
035 ## - SYSTEM CONTROL NUMBER
system control number (BD-JhCC)5841
040 ## - CATALOGING SOURCE
Original cataloging agency BD-JhCC
Modifying agency BD-JhCC
041 ## - LANGUAGE CODE
Language code of Book eng
082 ## - DEWEY DECIMAL CLASSIFICATION NUMBER
Classification number 320.947
Author mark and Year RAH 2012
100 ## - MAIN ENTRY--PERSONAL NAME
Personal name Rahman, Ziaur
245 ## - TITLE STATEMENT
Title Best Leadership Vision /
Statement of responsibility, etc Dr. Ziaur Rahman, Psc
260 ## - PUBLICATION, DISTRIBUTION, ETC. (IMPRINT)
Place of publication, distribution, etc Los Angeles
Date of publication, distribution, etc 2012.
300 ## - PHYSICAL DESCRIPTION
Pagination 221 p. :
Dimensions 23 cm.
504 ## - BIBLIOGRAPHY, ETC. NOTE
Bibliography, etc Includes Bibliography
650 ## - SUBJECT ADDED ENTRY--TOPICAL TERM
Topical term or geographic name as entry element Leadership
942 ## - ADDED ENTRY ELEMENTS (KOHA)
Source of classification or shelving scheme Dewey Decimal Classification
Koha item type Books
Holdings
Source of classification or shelving scheme Damaged status Not for loan Home library Current library Shelving location Total Checkouts Full call number Barcode Date last seen Copy number Koha item type Date of accession Source of acquisition Date checked out Method of acquisition Currency
Dewey Decimal Classification     JCC Rouf Library JCC Rouf Library General Stacks   320.947 RAH 2012 8176 12/28/2017 C - 1 Books          
Dewey Decimal Classification     JCC Rouf Library JCC Rouf Library General Stacks 1 320.947 RAH 2012 19395 08/21/2024 C-2 Books   With The Compliments Of 7th Intake 07/24/2024 Gift/Donation BDT

JCC Library | Contacts | JCC Home

Last Update on 23 September 2017
Copyright @ 2017-2020 JCC Rouf Library
Rouf Library, Jhenidah Cadet College (JCC), Bangladesh